[Event "MPJ_D18"]
[Site "?"]
[Date "2016.03.18"]
[Round "7.13"]
[White "Pluta, Natalia"]
[Black "Stochnialek, Dominika"]
[Result "1-0"]
[BlackElo "1448"]
[WhiteElo "1542"]
[LiveChessVersion "1.4.8"]

1. c4 {[%clk 1:30:14]} e5 {[%clk 1:30:55]} 2. Nc3 {[%clk 1:30:38]} Nf6
{[%clk 1:31:20]} 3. g3 {[%clk 1:31:04]} d5 {[%clk 1:31:42]} 4. cxd5
{[%clk 1:31:29]} Nxd5 {[%clk 1:32:10]} 5. Bg2 {[%clk 1:31:43]} Nb6
{[%clk 1:32:33]} 6. Nf3 {[%clk 1:32:05]} Nc6 {[%clk 1:32:58]} 7. d3
{[%clk 1:32:26]} Be7 {[%clk 1:33:24]} 8. Be3 {[%clk 1:32:05]} O-O
{[%clk 1:33:49]} 9. O-O {[%clk 1:32:30]} Re8 {[%clk 1:34:17]} 10. Rc1
{[%clk 1:31:48]} Bf8 {[%clk 1:34:29]} 11. Na4 {[%clk 1:25:14]} Nd4
{[%clk 1:22:20]} 12. Nc5 {[%clk 1:13:56]} Bxc5 {[%clk 1:21:51]} 13. Rxc5
{[%clk 1:14:16]} Bg4 {[%clk 1:21:34]} 14. Bxd4 {[%clk 1:09:31]} exd4
{[%clk 1:21:45]} 15. h3 Be6 {[%clk 1:06:23]} 16. Ng5 {[%clk 0:57:02]} Qd6
{[%clk 1:04:00]} 17. Ne4 {[%clk 0:55:18]} Qe7 {[%clk 0:58:42]} 18. Rc1
{[%clk 0:48:14]} c6 {[%clk 0:57:23]} 19. Re1 {[%clk 0:47:02]} Bd5
{[%clk 0:48:29]} 20. a3 {[%clk 0:43:07]} Rad8 {[%clk 0:45:43]} 21. Qd2
{[%clk 0:40:31]} f6 {[%clk 0:29:28]} 22. Nc5 {[%clk 0:35:40]} Bxg2
{[%clk 0:26:19]} 23. Kxg2 {[%clk 0:36:07]} Rd5 {[%clk 0:26:29]} 24. b4
{[%clk 0:35:44]} Re5 {[%clk 0:24:31]} 25. Rc2 {[%clk 0:28:53]} Rd8
{[%clk 0:17:02]} 26. e4 {[%clk 0:25:21]} dxe3 {[%clk 0:17:04]} 27. fxe3
{[%clk 0:25:21]} a5 {[%clk 0:09:14]} 28. e4 {[%clk 0:19:41]} axb4
{[%clk 0:01:35]} 29. axb4 {[%clk 0:19:46]} Qc7 {[%clk 0:01:36]} 30. Qf2
{[%clk 0:18:30]} Nd7 {[%clk 0:01:35]} 31. d4 {[%clk 0:17:34]} Ree8
{[%clk 0:01:40]} 32. b5 {[%clk 0:15:21]} Nxc5 {[%clk 0:01:19]} 33. Rxc5
{[%clk 0:15:37]} Qd6 {[%clk 0:01:23]} 34. bxc6 {[%clk 0:13:38]} bxc6
{[%clk 0:01:49]} 35. Rc4 {[%clk 0:13:23]} Re7 {[%clk 0:01:46]} 36. Qa2
{[%clk 0:11:41]} Kf8 {[%clk 0:01:49]} 37. Qa6 {[%clk 0:10:52]} Rc7
{[%clk 0:01:16]} 38. Rec1 {[%clk 0:06:30]} Qe7 {[%clk 0:01:04]} 39. Kf3
{[%clk 0:06:20]} Re8 {[%clk 0:01:11]} 40. Re1 {[%clk 0:35:02]} Qd7
{[%clk 0:30:45]} 41. Kg2 {[%clk 0:32:44]} Rec8 {[%clk 0:20:55]} 42. Qb6
{[%clk 0:28:25]} Kf7 {[%clk 0:14:01]} 43. Rb1 {[%clk 0:17:55]} Kf8
{[%clk 0:10:48]} 44. Rb2 {[%clk 0:15:11]} Kf7 {[%clk 0:10:44]} 45. Rbc2
{[%clk 0:14:30]} Rb7 {[%clk 0:08:23]} 46. Qa5 {[%clk 0:14:42]} Ra7
{[%clk 0:08:38]} 47. Qc5 {[%clk 0:14:22]} Qe7 {[%clk 0:06:26]} 48. d5
{[%clk 0:13:27]} Qxc5 {[%clk 0:05:20]} 49. Rxc5 {[%clk 0:13:48]} Re7
{[%clk 0:01:28]} 50. Kf3 {[%clk 0:14:07]} g6 {[%clk 0:00:53]} 51. Rxc6
{[%clk 0:14:23]} Rxc6 {[%clk 0:01:03]} 52. Rxc6 {[%clk 0:14:08]} Rd7
{[%clk 0:01:14]} 53. Kf4 {[%clk 0:12:07]} Re7 {[%clk 0:00:39]} 54. h4
{[%clk 0:06:58]} h5 {[%clk 0:00:57]} 55. Rb6 {[%clk 0:05:37]} Re8
{[%clk 0:00:45]} 56. Rb7+ {[%clk 0:05:43]} Kf8 {[%clk 0:00:58]} 57. Rc7
{[%clk 0:05:19]} Rb8 {[%clk 0:01:02]} 58. d6 {[%clk 0:05:35]} Rb6
{[%clk 0:00:33]} 59. Rc8+ {[%clk 0:05:30]} Kf7 {[%clk 0:00:39]} 60. d7
{[%clk 0:05:54]} Rb1 {[%clk 0:00:35]} 61. d8=Q {[%clk 0:06:15]} 1-0

[Event "MPJ_D18"]
[Site "?"]
[Date "2016.03.18"]
[Round "7.14"]
[White "Knapik, Julia"]
[Black "Burdzy, Joanna"]
[Result "0-1"]
[BlackElo "1730"]
[WhiteElo "1527"]
[LiveChessVersion "1.4.8"]

1. e4 {[%clk 1:30:58]} e5 {[%clk 1:30:47]} 2. Nf3 {[%clk 1:31:22]} Nc6
{[%clk 1:30:55]} 3. Bb5 {[%clk 1:31:41]} a6 {[%clk 1:30:33]} 4. Ba4
{[%clk 1:32:04]} Nf6 {[%clk 1:29:35]} 5. O-O {[%clk 1:32:16]} Be7
{[%clk 1:26:59]} 6. Re1 {[%clk 1:30:12]} b5 {[%clk 1:27:10]} 7. Bb3
{[%clk 1:30:36]} d6 {[%clk 1:27:31]} 8. h3 {[%clk 1:30:33]} Na5 {[%clk 1:26:55]}
9. c3 {[%clk 1:30:13]} Nxb3 {[%clk 1:26:55]} 10. axb3 {[%clk 1:29:56]} c5
{[%clk 1:26:15]} 11. d3 {[%clk 1:27:25]} O-O {[%clk 1:23:34]} 12. Nbd2
{[%clk 1:26:58]} Re8 {[%clk 1:14:36]} 13. Nf1 {[%clk 1:24:32]} h6
{[%clk 1:07:25]} 14. Ng3 {[%clk 1:21:07]} Bf8 {[%clk 0:59:53]} 15. c4
{[%clk 1:17:52]} Be6 {[%clk 0:57:45]} 16. Bd2 {[%clk 1:15:36]} Qd7
{[%clk 0:54:26]} 17. Qe2 {[%clk 1:07:56]} Reb8 {[%clk 0:50:47]} 18. Ra2
{[%clk 1:05:51]} Rb7 {[%clk 0:46:35]} 19. Rea1 {[%clk 1:05:11]} Rba7
{[%clk 0:47:02]} 20. Kh2 {[%clk 0:58:48]} Kh7 {[%clk 0:43:02]} 21. Nh4
{[%clk 0:57:11]} g6 {[%clk 0:38:34]} 22. f4 {[%clk 0:55:51]} exf4
{[%clk 0:38:34]} 23. Bxf4 {[%clk 0:56:09]} g5 {[%clk 0:37:00]} 24. Bxg5
{[%clk 0:47:01]} hxg5 {[%clk 0:36:46]} 25. Nh5 {[%clk 0:46:40]} Nxh5
{[%clk 0:31:27]} 26. Qxh5+ {[%clk 0:47:01]} Bh6 {[%clk 0:31:49]} 27. Rf1
{[%clk 0:45:33]} Qe7 {[%clk 0:27:24]} 28. Nf5 {[%clk 0:38:21]} Bxf5
{[%clk 0:27:49]} 29. Rxf5 {[%clk 0:38:23]} f6 {[%clk 0:27:15]} 30. h4
{[%clk 0:37:20]} Kg7 {[%clk 0:25:58]} 31. Ra1 {[%clk 0:34:41]} bxc4
{[%clk 0:24:01]} 32. Raf1 {[%clk 0:33:20]} Rf8 {[%clk 0:21:09]} 33. bxc4
{[%clk 0:29:17]} Qf7 {[%clk 0:16:18]} 34. Qg4 {[%clk 0:23:43]} Qg6
{[%clk 0:15:07]} 35. h5 {[%clk 0:17:46]} Qe8 {[%clk 0:15:22]} 36. Qf3
{[%clk 0:17:50]} a5 {[%clk 0:07:37]} 37. g4 {[%clk 0:13:01]} Raf7
{[%clk 0:05:34]} 38. Qd1 {[%clk 0:12:29]} Qb8 {[%clk 0:05:24]} 39. Qa1
{[%clk 0:12:22]} Qb3 {[%clk 0:04:42]} 40. Qxa5 {[%clk 0:40:56]} Qxd3
{[%clk 0:34:12]} 41. Qe1 {[%clk 0:36:19]} Qxc4 {[%clk 0:34:03]} 42. Rd5
{[%clk 0:34:04]} Re8 {[%clk 0:30:52]} 43. Rxd6 {[%clk 0:33:15]} Rxe4
{[%clk 0:31:08]} 44. Qb1 {[%clk 0:33:11]} Qe2+ {[%clk 0:30:19]} 45. Kh1
{[%clk 0:33:02]} Qxg4 {[%clk 0:30:29]} 0-1

[Event "MPJ_D18"]
[Site "?"]
[Date "2016.03.18"]
[Round "7.15"]
[White "Godek, Martyna"]
[Black "Wierzbowska, Aleksandra"]
[Result "1/2-1/2"]
[BlackElo "1685"]
[WhiteElo "1483"]
[LiveChessVersion "1.4.8"]

1. e4 {[%clk 1:30:30]} c5 {[%clk 1:30:13]} 2. Nf3 {[%clk 1:30:49]} Nc6
{[%clk 1:30:38]} 3. d4 {[%clk 1:30:31]} cxd4 {[%clk 1:31:03]} 4. Nxd4
{[%clk 1:30:56]} e5 {[%clk 1:31:29]} 5. Nb5 {[%clk 1:31:05]} d6 {[%clk 1:31:50]}
6. N1c3 {[%clk 1:30:57]} a6 {[%clk 1:32:17]} 7. Na3 {[%clk 1:31:13]} Be7
{[%clk 1:32:42]} 8. Nd5 {[%clk 1:21:23]} Nf6 {[%clk 1:33:05]} 9. Nxf6+
{[%clk 1:19:46]} Bxf6 {[%clk 1:33:30]} 10. Nc4 {[%clk 1:19:31]} Be7
{[%clk 1:33:53]} 11. Ne3 {[%clk 1:17:22]} Be6 {[%clk 1:32:58]} 12. Nd5
{[%clk 1:14:48]} Bxd5 {[%clk 1:32:28]} 13. exd5 {[%clk 1:10:08]} Nb8
{[%clk 1:32:51]} 14. c4 {[%clk 1:05:54]} Bg5 {[%clk 1:22:03]} 15. b4
{[%clk 0:59:55]} Bxc1 {[%clk 1:22:03]} 16. Rxc1 {[%clk 0:59:57]} Nd7
{[%clk 1:22:26]} 17. Qd2 {[%clk 0:54:32]} Rc8 {[%clk 1:21:26]} 18. Bd3
{[%clk 0:52:21]} O-O {[%clk 1:21:16]} 19. O-O {[%clk 0:51:39]} f5
{[%clk 1:21:22]} 20. f3 {[%clk 0:49:56]} Qh4 {[%clk 1:17:49]} 21. Qf2
{[%clk 0:48:01]} Qxf2+ {[%clk 1:16:08]} 22. Rxf2 {[%clk 0:48:01]} g6
{[%clk 1:13:35]} 23. Rfc2 {[%clk 0:42:56]} b6 {[%clk 1:06:23]} 24. g3
{[%clk 0:36:15]} Rb8 {[%clk 1:05:41]} 25. a3 {[%clk 0:35:41]} a5 {[%clk 1:01:53]}
26. Ra1 {[%clk 0:31:23]} Rfc8 {[%clk 0:59:36]} 27. Rac1 {[%clk 0:29:38]} Rc7
{[%clk 0:53:27]} 28. Kf2 {[%clk 0:29:14]} Kf8 {[%clk 0:52:46]} 29. h4
{[%clk 0:25:45]} Ra7 {[%clk 0:52:04]} 30. g4 {[%clk 0:23:42]} e4 {[%clk 0:47:54]}
31. fxe4 {[%clk 0:22:43]} Ne5 {[%clk 0:48:20]} 32. Be2 {[%clk 0:18:58]} fxg4
{[%clk 0:47:40]} 33. Kg3 {[%clk 0:18:43]} axb4 {[%clk 0:47:49]} 34. axb4
{[%clk 0:18:45]} Ra4 {[%clk 0:47:47]} 35. Bxg4 {[%clk 0:11:02]} Rxb4
{[%clk 0:48:11]} 36. Rf2+ {[%clk 0:08:59]} Kg7 {[%clk 0:48:03]} 37. Rfc2
{[%clk 0:07:41]} h5 {[%clk 0:45:06]} 38. Be2 {[%clk 0:06:49]} Re8
{[%clk 0:41:49]} 39. Kf4 {[%clk 0:02:24]} Rb3 {[%clk 0:41:02]} 40. Rc3
{[%clk 0:02:27]} Rf8+ {[%clk 1:09:27]} 41. Ke3 {[%clk 0:32:11]} Rxc3+
{[%clk 1:08:58]} 42. Rxc3 {[%clk 0:32:40]} 1/2-1/2

[Event "MPJ_D18"]
[Site "?"]
[Date "2016.03.18"]
[Round "7.16"]
[White "Walkowiak, Bogumila"]
[Black "Glapa, Anna"]
[Result "1/2-1/2"]
[BlackElo "1716"]
[WhiteElo "1265"]
[LiveChessVersion "1.4.8"]

1. e4 {[%clk 1:30:58]} c5 {[%clk 1:30:53]} 2. Nf3 {[%clk 1:31:19]} Nc6
{[%clk 1:31:18]} 3. d4 {[%clk 1:31:43]} cxd4 {[%clk 1:31:44]} 4. Nxd4
{[%clk 1:32:08]} Nf6 {[%clk 1:32:11]} 5. Nc3 {[%clk 1:32:30]} d6 {[%clk 1:32:38]}
6. Be2 {[%clk 1:32:35]} e5 {[%clk 1:33:00]} 7. Nb3 {[%clk 1:31:51]} Be7
{[%clk 1:33:22]} 8. Be3 {[%clk 1:31:39]} O-O {[%clk 1:33:34]} 9. O-O
{[%clk 1:31:55]} a5 {[%clk 1:33:13]} 10. a4 {[%clk 1:31:10]} Nb4 {[%clk 1:33:08]}
11. f4 {[%clk 1:18:40]} exf4 {[%clk 1:22:39]} 12. Rxf4 {[%clk 0:50:05]} Nd7
{[%clk 1:17:53]} 13. Rf1 {[%clk 0:45:07]} Ne5 {[%clk 1:16:57]} 14. Nd5
{[%clk 0:37:21]} Nxd5 {[%clk 1:16:16]} 15. Qxd5 {[%clk 0:35:48]} Qc7
{[%clk 1:13:21]} 16. Nd4 {[%clk 0:27:03]} Bd7 {[%clk 1:05:56]} 17. c3
{[%clk 0:22:13]} Bc6 {[%clk 0:50:24]} 18. Nxc6 {[%clk 0:21:27]} Nxc6
{[%clk 0:49:31]} 19. Rad1 {[%clk 0:20:57]} Ne5 {[%clk 0:47:21]} 20. Kh1
{[%clk 0:19:44]} Qd7 {[%clk 0:44:34]} 21. Qb5 {[%clk 0:17:09]} Qe6
{[%clk 0:40:29]} 22. Qd5 {[%clk 0:16:16]} Qc8 {[%clk 0:36:49]} 23. Bf4
{[%clk 0:12:44]} Ng6 {[%clk 0:16:13]} 24. Bxd6 {[%clk 0:09:40]} Bxd6
{[%clk 0:15:59]} 25. Qxd6 {[%clk 0:10:01]} Qe8 {[%clk 0:15:49]} 26. Qd4
{[%clk 0:08:04]} Rd8 {[%clk 0:15:32]} 27. Qxd8 {[%clk 0:07:25]} Qxd8
{[%clk 0:15:58]} 28. Rxd8 {[%clk 0:07:50]} Rxd8 {[%clk 0:16:25]} 29. Rd1
{[%clk 0:08:03]} Rxd1+ {[%clk 0:15:28]} 30. Bxd1 {[%clk 0:08:26]} Nf4
{[%clk 0:15:50]} 31. Kg1 {[%clk 0:07:08]} Kf8 {[%clk 0:15:46]} 32. Kf1
{[%clk 0:06:48]} Ke7 {[%clk 0:15:57]} 33. g3 {[%clk 0:05:09]} Nd3
{[%clk 0:15:48]} 34. b3 {[%clk 0:05:03]} Kd6 {[%clk 0:15:32]} 35. Bc2
{[%clk 0:04:23]} Ne5 {[%clk 0:15:10]} 36. Ke2 {[%clk 0:04:03]} h6
{[%clk 0:15:25]} 37. h3 {[%clk 0:03:53]} Nd7 {[%clk 0:12:29]} 38. Ke3
{[%clk 0:03:10]} Ke5 {[%clk 0:12:47]} 39. Kf3 {[%clk 0:03:00]} Nc5
{[%clk 0:12:38]} 40. Ke3 {[%clk 0:32:58]} b6 {[%clk 0:42:09]} 41. Kf3
{[%clk 0:26:10]} Ne6 {[%clk 0:41:28]} 42. h4 {[%clk 0:24:42]} 1/2-1/2

[Event "MPJ_D18"]
[Site "?"]
[Date "2016.03.19"]
[Round "8.1"]
[White "Wozniak, Mariola"]
[Black "Kubicka, Anna"]
[Result "1/2-1/2"]
[BlackElo "2152"]
[WhiteElo "2154"]
[LiveChessVersion "1.4.8"]

1. e4 {[%clk 1:30:59]} c5 {[%clk 1:30:46]} 2. Nf3 {[%clk 1:31:20]} d6
{[%clk 1:31:08]} 3. d4 {[%clk 1:31:36]} cxd4 {[%clk 1:31:32]} 4. Nxd4
{[%clk 1:32:03]} Nf6 {[%clk 1:31:53]} 5. Nc3 {[%clk 1:32:27]} Nc6
{[%clk 1:32:18]} 6. Bc4 {[%clk 1:31:25]} e6 {[%clk 1:29:08]} 7. Bb3
{[%clk 1:31:22]} Be7 {[%clk 1:26:28]} 8. Be3 {[%clk 1:30:43]} Bd7
{[%clk 1:17:15]} 9. O-O {[%clk 1:25:43]} O-O {[%clk 1:17:20]} 10. f4
{[%clk 1:22:14]} a6 {[%clk 1:11:43]} 11. Qf3 {[%clk 1:18:04]} Qc7
{[%clk 1:08:47]} 12. Kh1 {[%clk 1:11:01]} b5 {[%clk 1:03:45]} 13. Rae1
{[%clk 1:03:06]} Rac8 {[%clk 0:58:45]} 14. a3 {[%clk 0:50:08]} Nxd4
{[%clk 0:40:56]} 15. Bxd4 {[%clk 0:50:33]} e5 {[%clk 0:40:39]} 16. Bf2
{[%clk 0:40:51]} Bc6 {[%clk 0:31:13]} 17. fxe5 {[%clk 0:32:12]} dxe5
{[%clk 0:31:30]} 18. Bg3 {[%clk 0:28:51]} Bd7 {[%clk 0:27:29]} 19. Bh4
{[%clk 0:25:38]} Be6 {[%clk 0:25:24]} 20. Bxe6 {[%clk 0:24:31]} fxe6
{[%clk 0:25:52]} 21. Qh3 {[%clk 0:23:08]} Qc4 {[%clk 0:24:48]} 22. Rf3
{[%clk 0:22:16]} b4 {[%clk 0:19:03]} 23. axb4 {[%clk 0:20:29]} Bxb4
{[%clk 0:19:13]} 24. Bxf6 {[%clk 0:19:14]} Rxf6 {[%clk 0:18:58]} 25. Rxf6
{[%clk 0:18:25]} gxf6 {[%clk 0:19:27]} 26. Rd1 {[%clk 0:15:56]} Bxc3
{[%clk 0:18:00]} 27. bxc3 {[%clk 0:16:22]} Rf8 {[%clk 0:12:54]} 28. Qg4+
{[%clk 0:12:45]} Kh8 {[%clk 0:13:13]} 29. h3 {[%clk 0:12:27]} Qxc3
{[%clk 0:05:50]} 30. Rd7 {[%clk 0:07:32]} Qe1+ {[%clk 0:06:12]} 31. Kh2
{[%clk 0:07:59]} Rg8 {[%clk 0:06:30]} 32. Qf3 {[%clk 0:07:53]} f5
{[%clk 0:06:28]} 33. exf5 {[%clk 0:07:15]} exf5 {[%clk 0:05:35]} 34. Re7
{[%clk 0:03:25]} f4 {[%clk 0:04:07]} 35. Qxf4 {[%clk 0:02:01]} exf4
{[%clk 0:03:49]} 36. Rxe1 {[%clk 0:02:29]} Rc8 {[%clk 0:03:52]} 37. Ra1
{[%clk 0:01:44]} Rxc2 {[%clk 0:04:03]} 38. Rxa6 {[%clk 0:02:06]} f3
{[%clk 0:04:13]} 39. Rf6 {[%clk 0:01:13]} fxg2 {[%clk 0:03:00]} 40. Kg1
{[%clk 0:31:20]} Kg7 {[%clk 0:33:15]} 41. Rf2 {[%clk 0:31:46]} Rxf2
{[%clk 0:30:59]} 42. Kxf2 {[%clk 0:32:11]} 1/2-1/2

[Event "MPJ_D18"]
[Site "?"]
[Date "2016.03.19"]
[Round "8.2"]
[White "Dmochowska, Agnieszka"]
[Black "Sliwicka, Alicja"]
[Result "1-0"]
[BlackElo "2093"]
[WhiteElo "1953"]
[LiveChessVersion "1.4.8"]

1. d4 {[%clk 1:30:52]} Nf6 {[%clk 1:30:53]} 2. Nf3 {[%clk 1:31:09]} g6
{[%clk 1:31:10]} 3. c4 {[%clk 1:31:12]} Bg7 {[%clk 1:31:28]} 4. Nc3
{[%clk 1:31:30]} d5 {[%clk 1:31:50]} 5. cxd5 {[%clk 1:31:55]} Nxd5
{[%clk 1:32:15]} 6. e4 {[%clk 1:32:15]} Nxc3 {[%clk 1:32:36]} 7. bxc3
{[%clk 1:32:39]} c5 {[%clk 1:32:57]} 8. Rb1 {[%clk 1:32:49]} O-O {[%clk 1:33:12]}
9. Be2 {[%clk 1:33:15]} b6 {[%clk 1:33:33]} 10. O-O {[%clk 1:30:56]} Bb7
{[%clk 1:33:54]} 11. d5 {[%clk 1:31:06]} Bxc3 {[%clk 1:34:17]} 12. Bc4
{[%clk 1:30:37]} Nd7 {[%clk 1:34:40]} 13. Bf4 {[%clk 1:21:45]} Bg7
{[%clk 1:34:58]} 14. Re1 {[%clk 1:09:23]} Nf6 {[%clk 1:34:34]} 15. Qb3
{[%clk 1:09:42]} Qd7 {[%clk 1:20:57]} 16. Ne5 {[%clk 1:03:02]} Qc8
{[%clk 1:20:30]} 17. d6 {[%clk 0:44:26]} e6 {[%clk 1:20:14]} 18. Rbd1
{[%clk 0:40:27]} Bc6 {[%clk 1:15:58]} 19. Nxc6 {[%clk 0:33:43]} Qxc6
{[%clk 1:16:16]} 20. Bb5 {[%clk 0:29:18]} Qb7 {[%clk 1:16:15]} 21. Qa4
{[%clk 0:29:30]} Rad8 {[%clk 1:09:11]} 22. d7 {[%clk 0:28:48]} Nxd7
{[%clk 0:48:10]} 23. Bxd7 {[%clk 0:26:27]} a6 {[%clk 0:48:16]} 24. Qc6
{[%clk 0:26:28]} Qxc6 {[%clk 0:46:44]} 25. Bxc6 {[%clk 0:26:52]} Bc3
{[%clk 0:44:21]} 26. Rf1 {[%clk 0:25:08]} Rd4 {[%clk 0:38:19]} 27. Rxd4
{[%clk 0:24:59]} Bxd4 {[%clk 0:37:17]} 28. Bb7 {[%clk 0:24:48]} a5
{[%clk 0:36:32]} 29. Ba6 {[%clk 0:24:03]} f5 {[%clk 0:31:06]} 30. Bd6
{[%clk 0:22:07]} Rd8 {[%clk 0:27:59]} 31. e5 {[%clk 0:22:18]} Bc3
{[%clk 0:26:15]} 32. Rb1 {[%clk 0:19:34]} Bb4 {[%clk 0:24:44]} 33. Bc4
{[%clk 0:18:27]} Kf7 {[%clk 0:24:18]} 34. a3 {[%clk 0:17:59]} b5 {[%clk 0:23:53]}
35. axb4 {[%clk 0:15:21]} bxc4 {[%clk 0:24:17]} 36. bxc5 {[%clk 0:14:59]} a4
{[%clk 0:24:29]} 37. Kf1 {[%clk 0:10:11]} c3 {[%clk 0:24:09]} 38. Ke2
{[%clk 0:10:29]} c2 {[%clk 0:23:24]} 39. Rb7+ {[%clk 0:09:21]} 1-0

[Event "MPJ_D18"]
[Site "?"]
[Date "2016.03.19"]
[Round "8.3"]
[White "Kopica, Paulina"]
[Black "Jedrocha, Katarzyna"]
[Result "0-1"]
[BlackElo "1923"]
[WhiteElo "1786"]
[LiveChessVersion "1.4.8"]

1. e4 {[%clk 1:30:58]} c6 {[%clk 1:30:26]} 2. d4 {[%clk 1:31:18]} d5
{[%clk 1:30:49]} 3. e5 {[%clk 1:31:40]} c5 {[%clk 1:31:04]} 4. dxc5
{[%clk 1:31:59]} Nc6 {[%clk 1:31:24]} 5. Bb5 {[%clk 1:32:12]} e6 {[%clk 1:31:47]}
6. Be3 {[%clk 1:32:11]} Nge7 {[%clk 1:32:06]} 7. Nf3 {[%clk 1:32:12]} Bd7
{[%clk 1:32:27]} 8. Bxc6 {[%clk 1:32:25]} Bxc6 {[%clk 1:32:51]} 9. O-O
{[%clk 1:32:25]} Nf5 {[%clk 1:33:05]} 10. Bd4 {[%clk 1:32:22]} a5
{[%clk 1:23:00]} 11. c3 {[%clk 1:27:52]} a4 {[%clk 1:19:22]} 12. Nbd2
{[%clk 1:22:52]} Qc7 {[%clk 1:11:40]} 13. b4 {[%clk 1:18:14]} Be7
{[%clk 1:01:47]} 14. Re1 {[%clk 1:12:34]} g5 {[%clk 0:53:00]} 15. g4
{[%clk 1:00:13]} Nh4 {[%clk 0:40:10]} 16. Nxh4 {[%clk 0:52:18]} gxh4
{[%clk 0:40:38]} 17. f4 {[%clk 0:46:55]} O-O-O {[%clk 0:37:02]} 18. Qf3
{[%clk 0:42:01]} Rdg8 {[%clk 0:34:00]} 19. h3 {[%clk 0:40:02]} Qd8
{[%clk 0:29:58]} 20. Kh2 {[%clk 0:38:23]} Rg6 {[%clk 0:24:57]} 21. Rg1
{[%clk 0:29:35]} f6 {[%clk 0:20:20]} 22. exf6 {[%clk 0:24:33]} Bxf6
{[%clk 0:20:36]} 23. Qe3 {[%clk 0:22:27]} Bxd4 {[%clk 0:14:07]} 24. cxd4
{[%clk 0:21:55]} Rf8 {[%clk 0:14:31]} 25. Rgf1 {[%clk 0:17:24]} Rgf6
{[%clk 0:13:13]} 26. g5 {[%clk 0:13:45]} Rf5 {[%clk 0:11:00]} 27. Rf3
{[%clk 0:08:50]} Qc7 {[%clk 0:10:04]} 28. Raf1 {[%clk 0:08:23]} Rxg5
{[%clk 0:09:07]} 29. Qxe6+ {[%clk 0:08:41]} Bd7 {[%clk 0:09:10]} 30. Qh6
{[%clk 0:08:30]} Rfg8 {[%clk 0:08:06]} 31. R1f2 {[%clk 0:08:41]} Bf5
{[%clk 0:04:44]} 32. Qxh4 {[%clk 0:06:49]} R5g6 {[%clk 0:03:57]} 33. Qh5
{[%clk 0:02:51]} Rg5 {[%clk 0:04:20]} 34. Qh4 {[%clk 0:02:31]} R5g6
{[%clk 0:04:49]} 35. Qh5 {[%clk 0:00:44]} Qd7 {[%clk 0:04:19]} 36. Re3
{[%clk 0:00:42]} Kb8 {[%clk 0:04:07]} 37. Nf1 {[%clk 0:00:34]} Qg7
{[%clk 0:03:46]} 38. Qe2 {[%clk 0:00:38]} Be4 {[%clk 0:04:00]} 39. Rxe4
{[%clk 0:00:54]} dxe4 {[%clk 0:04:23]} 40. Qxe4 {[%clk 0:31:22]} Qf7
{[%clk 0:33:32]} 41. Qe5+ {[%clk 0:24:46]} Ka8 42. d5 {[%clk 0:23:41]} Re8
{[%clk 0:31:13]} 43. Qd4 {[%clk 0:23:20]} Rh6 {[%clk 0:25:52]} 44. Ng3
{[%clk 0:19:39]} Rh4 {[%clk 0:21:51]} 45. Qd1 {[%clk 0:14:19]} Qd7
{[%clk 0:21:07]} 46. Nf5 {[%clk 0:11:24]} Re3 {[%clk 0:10:55]} 47. Nxh4
{[%clk 0:04:34]} Qxh3+ {[%clk 0:10:25]} 48. Kg1 {[%clk 0:05:01]} Qxh4
{[%clk 0:10:33]} 49. Qd2 {[%clk 0:01:24]} Qg3+ {[%clk 0:07:47]} 50. Kf1
{[%clk 0:01:25]} Rd3 {[%clk 0:06:51]} 51. Qe2 {[%clk 0:01:06]} Rxd5
{[%clk 0:05:06]} 52. Qe8+ {[%clk 0:01:04]} Ka7 {[%clk 0:05:35]} 53. Qxa4+
{[%clk 0:01:29]} Kb8 {[%clk 0:05:59]} 54. Qe8+ {[%clk 0:01:53]} Ka7
{[%clk 0:06:10]} 55. Qa4+ {[%clk 0:01:23]} Kb8 {[%clk 0:06:38]} 56. Qc2
{[%clk 0:00:44]} Qg4 {[%clk 0:04:55]} 57. Ke1 {[%clk 0:00:44]} Qg1+
{[%clk 0:04:17]} 58. Ke2 {[%clk 0:01:05]} Qg4+ {[%clk 0:04:14]} 59. Ke3
{[%clk 0:00:45]} Rd7 {[%clk 0:03:07]} 60. Qe4 {[%clk 0:00:42]} Qg3+
{[%clk 0:02:57]} 61. Ke2 {[%clk 0:00:38]} Qg4+ {[%clk 0:02:40]} 62. Ke3
{[%clk 0:00:41]} Qg3+ {[%clk 0:03:04]} 63. Qf3 {[%clk 0:00:36]} Qg7
{[%clk 0:02:01]} 64. Rc2 {[%clk 0:00:34]} Qd4+ {[%clk 0:02:12]} 65. Ke2
{[%clk 0:00:54]} Qd1+ {[%clk 0:02:26]} 0-1

[Event "MPJ_D18"]
[Site "?"]
[Date "2016.03.19"]
[Round "8.4"]
[White "Burakowska, Gabriela"]
[Black "Antolak, Julia"]
[Result "0-1"]
[BlackElo "2087"]
[WhiteElo "1765"]
[LiveChessVersion "1.4.8"]

1. e4 {[%clk 1:30:59]} c5 {[%clk 1:30:55]} 2. Nf3 {[%clk 1:31:24]} Nc6
{[%clk 1:31:15]} 3. d4 {[%clk 1:31:47]} cxd4 {[%clk 1:31:40]} 4. Nxd4
{[%clk 1:32:14]} g6 {[%clk 1:32:03]} 5. Nc3 {[%clk 1:31:13]} Bg7 {[%clk 1:32:27]}
6. Be3 {[%clk 1:31:41]} Nf6 {[%clk 1:32:50]} 7. f3 {[%clk 1:31:34]} O-O
{[%clk 1:33:13]} 8. Qd2 {[%clk 1:32:00]} d5 {[%clk 1:33:33]} 9. exd5
{[%clk 1:30:20]} Nxd5 {[%clk 1:33:24]} 10. Nxc6 {[%clk 1:30:35]} bxc6
{[%clk 1:33:31]} 11. Bd4 {[%clk 1:30:58]} e5 {[%clk 1:18:55]} 12. Bc5
{[%clk 1:31:14]} Nxc3 {[%clk 1:18:14]} 13. Qxc3 {[%clk 0:46:31]} e4
{[%clk 1:14:40]} 14. Qa3 {[%clk 0:46:44]} Re8 {[%clk 1:14:16]} 15. f4
{[%clk 0:46:59]} e3 {[%clk 1:00:28]} 16. Bd3 {[%clk 0:38:53]} e2 {[%clk 0:58:41]}
17. g3 {[%clk 0:35:34]} Qd5 {[%clk 0:56:08]} 18. Kd2 {[%clk 0:34:17]} Bxb2
{[%clk 0:55:31]} 19. Qxb2 {[%clk 0:33:54]} Qxc5 {[%clk 0:55:53]} 20. Rae1
{[%clk 0:32:51]} Bg4 {[%clk 0:55:38]} 0-1